Badly drawn flags of every World Cup nation - Statistics

General Stats
  • This quiz has been taken 172 times
  • The average score is 30 of 32
Answer Stats
Picture Answer % Correct
Brazil
100%
Germany
99%
France
97%
Qatar
96%
Spain
96%
Argentina
95%
Australia
95%
Belgium
95%
Canada
95%
Denmark
95%
Mexico
95%
Switzerland
95%
United States
95%
Japan
94%
Saudi Arabia
94%
South Korea
94%
Croatia
93%
Poland
93%
Iran
92%
England
91%
Morocco
91%
Netherlands
91%
Portugal
91%
Uruguay
91%
Wales
90%
Serbia
89%
Tunisia
89%
Ecuador
88%
Ghana
87%
Costa Rica
85%
Senegal
85%
Cameroon
82%
No matching quizzes found
Score Distribution
Percent of People with Each Score
Percentile by Number Answered
Your Score History
You have not taken this quiz